000
00229nam a2200097Ia 4500
008
191206s9999 xx 000 0 und d
020
_a
9966212175
090
_a
TK788Z.W60
245
0
_a
SEARCHING FOR SELF KNOWLEDGE
260
_c
c1996
999
_c
16868
_d
16868